Soap Characters Pictures - Past & Present - Statistics

General Stats
  • This quiz has been taken 34 times
    33 since last reset
  • The average score is 6 of 18
Answer Stats
Picture Answer % Correct
Cindy
82%
Kim
64%
Nicola
55%
Alexis
50%
Annie
45%
Elsie
45%
Tyrone Dobbs
41%
David Wicks
36%
Meg
32%
Blake Carrington
27%
Seth Armstrong
27%
Valene
18%
Jill
14%
Karen
14%
Sandy Richardson
14%
David Hunter
9%
Dusty Farlow
9%
Shughie McFee
9%
No matching quizzes found
Score Distribution
Percent of People with Each Score
Percentile by Number Answered
Your Score History
You have not taken this quiz since the last reset